Задачи власти во время кризиса; Энергия молодых - экономике России; Ч. 1

Opis bibliograficzny
Parent link:Энергия молодых - экономике России: труды X Международной научно-практической конференции студентов и молодых ученых, 13-16 апреля 2009 г. , г. Томск/ Томский политехнический университет (ТПУ); Вольное экономическое общество России (ВЭО России); Международный союз экономистов (МСЭ).— , 2009
Ч. 1.— 2009.— [С. 117-119]
1. autor: Косов В. Б. Владимир Борисович
Streszczenie:Заглавие с титульного листа.
Электронная версия печатной публикации.
Język:rosyjski
Wydane: 2009
Hasła przedmiotowe:
Dostęp online:http://www.lib.tpu.ru/fulltext/c/2009/C23/V1/003.pdf
Format: MixedMaterials Elektroniczne Rozdział
KOHA link:https://koha.lib.tpu.ru/cgi-bin/koha/opac-detail.pl?biblionumber=611492

MARC

LEADER 00000naa2a2200000 4500
001 611492
005 20231101132647.0
035 |a (RuTPU)RU\TPU\conf\9287 
090 |a 611492 
100 |a 20150326d2009 k y0rusy50 ca 
101 0 |a rus 
102 |a RU 
105 |a y z 100zy 
135 |a drnn ---uucaa 
181 0 |a i  
182 0 |a b 
200 1 |a Задачи власти во время кризиса  |f В. Б. Косов 
203 |a Текст  |c электронный 
215 |a 1 файл (251 Кб) 
230 |a Электронные текстовые данные (1 файл : 251 Кб) 
300 |a Заглавие с титульного листа. 
300 |a Электронная версия печатной публикации. 
337 |a Adobe Reader 
461 1 |0 (RuTPU)RU\TPU\conf\8003  |t Энергия молодых - экономике России  |o труды X Международной научно-практической конференции студентов и молодых ученых, 13-16 апреля 2009 г. , г. Томск  |o в 4 ч.  |f Томский политехнический университет (ТПУ); Вольное экономическое общество России (ВЭО России); Международный союз экономистов (МСЭ)  |d 2009 
463 1 |0 (RuTPU)RU\TPU\conf\8004  |t Ч. 1  |v [С. 117-119]  |d 2009 
610 1 |a электронный ресурс 
610 1 |a труды учёных ТПУ 
610 1 |a кризис 
610 1 |a власть 
700 1 |a Косов  |b В. Б.  |c экономист  |c старший преподаватель Томского политехнического университета  |f 1954-  |g Владимир Борисович  |2 stltpush  |3 (RuTPU)RU\TPU\pers\27888 
801 2 |a RU  |b 63413507  |c 20160124  |g RCR 
856 4 |u http://www.lib.tpu.ru/fulltext/c/2009/C23/V1/003.pdf 
942 |c BK